Ghost (band) Quiz. - Statistics

General Stats
  • This quiz has been taken 639 times
    40 since last reset
  • The average score is 6 of 11
Answers on the Grid
Answers color-coded by a green-red scale on the quiz's grid according to % correct below.
The Papas now no longer refer to the ghouls by fan (Such as Sodo or Aether) name, they are just called "Ghoul" or "Ghoulette"
the album Skeleta came out on April 1st.
The ghost fans are called "Rats" and the entire fandom is referred to as "Rats in the rat pack".
Ghost has done 30 covers of songs by other musicians
Ghost is from sweden
Papa IV has 8 ghouls
there are only 3 papas
Terzo was the 3rd emeritrus
there are (Currently) 25 chapters
Papa Nihil is the youngest papa
Perpetua is the 2nd papa
Canonically Copia hates the letter "V"
Imperator dies in the movie "Rite here Rite now"
Canonically the papas are italian
The papas are canonically Vampires
Tobias Forge is credited as "A ghoul writer" in the credits of his songs
Copia may be dead\
 
Answer Stats
Answer % Correct
Ghost is from sweden
75%
Terzo was the 3rd emeritrus
60%
Copia may be dead\
55%
The Papas now no longer refer to the ghouls by fan (Such as Sodo or Aether) name, they are just called "Ghoul" or "Ghoulette"
55%
Canonically Copia hates the letter "V"
50%
Papa IV has 8 ghouls
50%
there are (Currently) 25 chapters
50%
Tobias Forge is credited as "A ghoul writer" in the credits of his songs
50%
Imperator dies in the movie "Rite here Rite now"
45%
Canonically the papas are italian
35%
The ghost fans are called "Rats" and the entire fandom is referred to as "Rats in the rat pack".
35%
No matching quizzes found
Score Distribution
Percent of People with Each Score
Percentile by Number Answered
Your Score History
You have not taken this quiz since the last reset